000 00523nam a22001457a 4500
082 _aT-70
100 _aMuhammad Salman
_915906
245 _aAn experimental laboratory study to evaluate the performance of asphalt concrete mix design using bottom ash and blast furnace slag as partial replacement of fine aggregate at high tempratures
_cMuhammad Salman
260 _c1997
300 _a195 P, :
526 _a0
_b0
_c0
_dT_70
650 _aThesis
_934811
700 _aCol Dr Shamshad Ahmad Khan
_948418
942 _2ddc
_cBK
999 _c551375
_d551375